| 000 | 00687nam a22002057a 4500 | ||
|---|---|---|---|
| 999 |
_c197360 _d197360 |
||
| 005 | 20230822142527.0 | ||
| 010 | _aUR-12152 | ||
| 020 |
_a9788119035113 _c200.00 |
||
| 035 | _aU-10707 | ||
| 037 | _bDBAD/PUB | ||
| 082 | _a841 | ||
| 100 | _aشیخ ، آفاق انجم | ||
| 245 |
_aاقبال کا کر ی نظام / _cآفاق انجم شیخ |
||
| 246 |
_aIqbal ka fikri nizam / _bby Aafaq Anjum Shaikh |
||
| 260 |
_aAmravati _bUrdu Publications _c2023 ء |
||
| 270 |
_aAdabistan, Near Wahid Khan Urdu D.ED College, Walgaon Road _bAmravati _e444601 |
||
| 300 |
_a100 ص _c23cm(pbk) |
||
| 500 | _aTazkira Sufia-e-Bihar | ||
| 942 |
_2ddc _cUR _mش ی خ _e _h841 |
||